Missing Word: Alliterative Actors II Quiz Stats

 Plays Quiz Updated Aug 19, 2014

Support Sporcle.
Go Orange.
Score 0/30 Timer 03:00
0 Plays Today
Hint Answer % Correct
Alan ArkinLittle
96.2%
Marilyn MonroeHot
94.6%
Susan SarandonThelma
93.4%
Susan SarandonRocky
93.4%
Alan ArkinScissorhands
90.9%
Susan SarandonWalking
89.7%
Holly HunterBrother
87.4%
Vince VaughnCrashers
87.1%
Marilyn MonroeItch
87.1%
Marilyn MonroeBlondes
86.4%
Marilyn MonroeAbout
83.3%
Holly HunterBlack
83%
Marilyn MonroeMarry
82.1%
Holly HunterDown
80.4%
Holly HunterArizona
74.9%
Hint Answer % Correct
Ryan ReynoldsLantern
72.6%
Vince VaughnDodgeball
69.3%
Susan SarandonLovely
65.5%
Alan ArkinMatch
63.7%
Alan ArkinGlengarry
62%
Susan SarandonSleeps
61.2%
Vince VaughnCouples
55.9%
Ryan ReynoldsWolverine
53.2%
Vince VaughnSchool
52.6%
Alan ArkinSmart
48.5%
Ryan ReynoldsBlade
47.9%
Ryan ReynoldsAces
47.4%
Vince VaughnFred
45.1%
Holly HunterBroadcast
37.3%
Ryan ReynoldsSafe
15%

Today's Daily Dose

Missing Word
Food in Lyrics

Word Ladder
Bouquet

You're not logged in!

Compare scores with friends on all Sporcle quizzes.
OR
Log In

From the Vault

Step Ladder

by Flick

If you don't have time, you can always do this quiz ladder.
Remove Ads.
Support Sporcle.
Get the best of Sporcle when you Go Orange. This ad-free experience offers more features, more stats, and more fun while also helping to support Sporcle. Thank you for becoming a member.

Show Comments

Extras

Top Quizzes Today


Score Distribution

Your Account Isn't Verified!

In order to create a playlist on Sporcle, you need to verify the email address you used during registration. Go to your Sporcle Settings to finish the process.

Report this User

Report this user for behavior that violates our Community Guidelines.

Details: